NLSUI OPAC header image

Reference material workshop on labour law compliances for IT/ITES sector (Record no. 39876)

MARC details
000 -LEADER
fixed length control field 00432nam a2200157Ia 4500
008 - FIXED-LENGTH DATA ELEMENTS--GENERAL INFORMATION
fixed length control field 160316s2008 xxu||||| |||| 00| 0 eng d
082 ## - DEWEY DECIMAL CLASSIFICATION NUMBER
Classification number 344.010000
Item number SUB
100 ## - MAIN ENTRY--PERSONAL NAME
Personal name Subramanyam S.
245 ## - TITLE STATEMENT
Title Reference material workshop on labour law compliances for IT/ITES sector
250 ## - EDITION STATEMENT
Edition statement
260 ## - PUBLICATION, DISTRIBUTION, ETC.
Place of publication, distribution, etc. Bangalore
Name of publisher, distributor, etc. ACSPL
Date of publication, distribution, etc. 2008
300 ## - PHYSICAL DESCRIPTION
Extent 123
Other physical details
Dimensions
365 ## - TRADE PRICE
Price amount
650 ## - SUBJECT ADDED ENTRY--TOPICAL TERM
Topical term or geographic name entry element 1. Labour law <br/>2. Employment exchange
700 ## - ADDED ENTRY--PERSONAL NAME
Personal name
--
Holdings
Withdrawn status Lost status Damaged status Not for loan Home library Current library Shelving location Date acquired Total Checkouts Full call number Barcode Date last seen Price effective from Koha item type
        . .   30.05.2017   344.01 SUB REP300637 30.05.2017 30.05.2017 Repository